| 000 | 00819cam a2200265 a 4500 | ||
|---|---|---|---|
| 008 | |||
| 020 | _a9780723436553 (hbk.) | ||
| 049 | _aMAIN | ||
| 090 |
_aRJ511 _bCOH |
||
| 100 | 1 | _aCohen, Bernard. | |
| 245 | 1 | 0 |
_aPediatric dermatology / _cBernard A. Cohen. |
| 250 | _a4th ed. | ||
| 260 |
_aLondon : _bElservier, _cc2013. |
||
| 300 |
_axi, 290 p. : _bcol. ill. ; _c29 cm. |
||
| 500 | _aIncludes index. | ||
| 504 | _aIncludes bibliographical references. | ||
| 650 | 0 |
_aPediatric dermatology _xAtlases. |
|
| 650 | 1 | 2 |
_aSkin Diseases _xin infancy & childhood _vatlases. |
| 650 | 2 | 2 |
_aSkin Manifestations _xin infancy & childhood _vatlases. |
| 907 |
_a.b10383712 _b19-09-18 _c25-09-17 |
||
| 003 | |||
| 005 | 20230120204229.0 | ||
| 040 | _cNUST | ||
| 942 |
_cBOOKS _kRJ511 _mCOH |
||
| 999 |
_c119476 _d119476 |
||